The Power of Your Subconscious Mind (Record no. 11228)

MARC details
000 -LEADER
fixed length control field 00362nam a22001457a 4500
003 - CONTROL NUMBER IDENTIFIER
control field OSt
008 - FIXED-LENGTH DATA ELEMENTS--GENERAL INFORMATION
fixed length control field 220521b ||||| |||| 00| 0 eng d
020 ## - INTERNATIONAL STANDARD BOOK NUMBER
International Standard Book Number 978-81-9388-42-6
082 ## - DEWEY DECIMAL CLASSIFICATION NUMBER
Classification number 159.923 MUP
100 ## - MAIN ENTRY--PERSONAL NAME
Personal name MURPHY, Joseph
245 ## - TITLE STATEMENT
Title The Power of Your Subconscious Mind
260 ## - PUBLICATION, DISTRIBUTION, ETC. (IMPRINT)
Place of publication, distribution, etc New Delhi
Name of publisher, distributor, etc Om Sai Tech Book
Date of publication, distribution, etc 2021
300 ## - PHYSICAL DESCRIPTION
Extent 215
942 ## - ADDED ENTRY ELEMENTS (KOHA)
Source of classification or shelving scheme Dewey Decimal Classification
Koha item type Text Books
Holdings
Withdrawn status Lost status Source of classification or shelving scheme Damaged status Not for loan Collection code Home library Current library Date acquired Source of acquisition Currency Cost, normal purchase price Bill Number Total Checkouts Full call number Acc. no. / Barcode Date last seen Date last borrowed Actual Cost, discounted price Bill Date Koha item type Public note
    Dewey Decimal Classification     GENERAL PIET C-LIBRARY PIET C-LIBRARY 17/04/2022 Kumar Stationery & Book Seller Indian Rup 199.00 35233 7 159.923 MUP 33592 13/02/2026 31/01/2026 150.00 17/04/2022 Text Books Motivational

Design & Developed by: PIET Central Library
R70 Miles Stone Pattikalyana Samalkha Panipat 132102
mail ID :- [email protected], Phone No:- 0180-2569700 Ex.216